[Event "FIDE GP"]
[Site "Dubai"]
[Date "2002.04.04"]
[Round "2.2"]
[White "Anand, Viswanathan"]
[Black "Azmaiparashvili, Zurab"]
[Result "0-1"]
[WhiteElo "2757"]
[BlackElo "2676"]
[PlyCount "64"]
[EventDate "2002.04.03"]
[Source "ChessBase"]
[SourceDate "2002.08.12"]

1. e4 g6 2. d4 Bg7 3. Nf3 d6 4. Be2 c5 5. dxc5 Qa5+ 6. c3 Qxc5 7. O-O Nf6 8. Bd3 O-O 9. h3 Nbd7 10. Re1 Qc7 11. Bf4 e5 12. Bg5 h6 13. Bxf6 Nxf6 14. Bc2 Be6 15. Bb3 Rfe8 16. Bxe6 Rxe6 17. Na3 Qc6 18. Qd3 d5 19. exd5 Nxd5 20. Qc4 Qxc4 21. Nxc4 e4 22. Nd4 Bxd4 23. cxd4 Rc8 24. Ne5 Rc2 25. Rac1 Rxb2 26. Rc5 Nf6 27. Rc7 Ne8 28. Rd7 Nd6 29. Rc1 h5 30. g4 Rf6 31. g5 Rfxf2 32. Rxd6 Rg2+ 0-1

[Event "Linares SuperGM Tour"]
[Site "?"]
[Date "1995.??.??"]
[Round "?"]
[White "Khalifman, Alexander V"]
[Black "Shirov, Alexei D"]
[Result "1/2-1/2"]
[WhiteElo "2635"]
[BlackElo "2710"]
[PlyCount "57"]
[EventDate "1995.??.??"]
[Source "www.chesslib.no"]
[SourceDate "2004.05.04"]

1. e4 g6 2. d4 Bg7 3. c3 d6 4. Bg5 Nd7 5. Nf3 Ngf6 6. Nbd2 e5 7. Bc4 O-O 8. O-O h6 9. Bh4 Qe8 10. Re1 Nh5 11. Nf1 Ndf6 12. a4 b6 13. Bb5 c6 14. Bc4 Qe7 15. Ne3 Qc7 16. Nd2 Bb7 17. dxe5 dxe5 18. Qc2 a6 19. f3 b5 20. Bf1 Rfd8 21. b4 c5 22. axb5 axb5 23. Rxa8 Rxa8 24. bxc5 Qxc5 25. Bf2 Qc6 26. Qb3 Rc8 27. c4 bxc4 28. Ndxc4 Qc7 29. Rb1 1/2-1/2

[Event "Montecatini Terme"]
[Site "?"]
[Date "2000.??.??"]
[Round "?"]
[White "Rublevsky, S."]
[Black "Piket, Je"]
[Result "1/2-1/2"]
[WhiteElo "2670"]
[BlackElo "2645"]
[PlyCount "86"]
[EventDate "2000.??.??"]
[Source "Chess Informant"]
[SourceDate "2000.06.01"]

1. e4 g6 2. d4 Bg7 3. Nc3 c6 4. Bc4 d6 5. Qf3 e6 6. Nge2 b5 7. Bb3 a5 8. a3 Ba6 9. d5 cxd5 10. exd5 e5 11. Ne4 h6 12. g4 Nf6 13. N2c3 Nxe4 14. Nxe4 O-O 15. Qh3 f5 16. gxf5 Bc8 17. Ng3 Rxf5 18. Qg2 a4 19. Ba2 Rf4 20. c3 Qh4 21. h3 Rf7 22. Ne4 Ra6 23. Be3 Bf5 24. Bb1 Nd7 25. Bd3 Nf6 26. Nxf6+ Rxf6 27. Bxf5 gxf5 28. Rg1 Rf7 29. O-O-O f4 30. Bd2 Raa7 31. Qg6 Rf6 32. Qe8+ Kh7 33. Rdf1 Qxh3 34. Qxb5 Qf3 35. c4 Rff7 36. Bc3 e4 37. Qe8 Rae7 38. Qc8 Qh5 39. Re1 e3 40. fxe3 fxe3 41. Bxg7 Rxg7 42. Rxg7+ Rxg7 43. Qe6 Qh4 1/2-1/2

[Event "Paris Senat CanalWeb GP"]
[Site "Paris"]
[Date "2000.05.07"]
[Round "2.2"]
[White "Shirov, Alexei"]
[Black "Spassky, Boris V"]
[Result "1/2-1/2"]
[WhiteElo "2751"]
[BlackElo "2551"]
[PlyCount "73"]
[EventDate "2000.05.06"]
[Source "ChessBase"]
[SourceDate "2000.07.27"]

1. e4 g6 2. d4 Bg7 3. Nc3 d6 4. Nf3 e6 5. h4 h6 6. Be3 a6 7. Bd3 b5 8. e5 Bb7 9. Qd2 Nd7 10. exd6 cxd6 11. d5 e5 12. h5 f5 13. Nh4 Ne7 14. hxg6 f4 15. Ne4 Nf6 16. Nxf6+ Bxf6 17. Bxf4 exf4 18. Qxf4 Nxd5 19. Qf3 Qe7+ 20. Kf1 O-O-O 21. Re1 Be5 22. Be4 Nf6 23. Nf5 Qc7 24. Bxb7+ Qxb7 25. g7 Rhg8 26. Rxh6 Qxf3 27. gxf3 Bxb2 28. Re6 Kc7 29. Rhxf6 Bxf6 30. Rxf6 Rd7 31. Rf8 Rgxg7 32. Nxg7 Rxg7 33. f4 Kc6 34. f5 Kd5 35. Ra8 Rc7 36. Rxa6 Rxc2 37. Kg2 1/2-1/2

[Event "Amber-blind 5th"]
[Site "Monte Carlo"]
[Date "1996.??.??"]
[Round "5"]
[White "Ljubojevic, Ljubomir"]
[Black "Shirov, Alexei"]
[Result "1-0"]
[WhiteElo "2600"]
[BlackElo "2690"]
[PlyCount "69"]
[EventDate "1996.04.??"]
[Source "ChessBase"]

1. e4 g6 2. d4 Bg7 3. Nc3 c6 4. Nf3 d6 5. h3 Nf6 6. a4 O-O 7. a5 Nbd7 8. Be3 Qc7 9. Be2 e5 10. dxe5 dxe5 11. O-O Rd8 12. Qc1 Nf8 13. Rd1 Bd7 14. Bc5 Be8 15. Rxd8 Qxd8 16. Qe3 N6d7 17. Bxa7 Ne6 18. Bc4 Nf4 19. b4 Bh6 20. Nh2 Bg5 21. h4 Bxh4 22. Nf3 Be7 23. Rb1 Bf8 24. Bb6 Qf6 25. g3 Ne6 26. Kg2 Rc8 27. Na4 Bd6 28. c3 Nxb6 29. Nxb6 Rd8 30. Bb3 Nc7 31. Rd1 Nb5 32. Nc4 Bd7 33. Nxd6 Nxd6 34. Qg5 Kg7 35. Qxf6+ 1-0

[Event "Bermuda"]
[Site "Bermuda"]
[Date "2004.01.16"]
[Round "2"]
[White "Macieja, Bartlomiej"]
[Black "Iordachescu, Viorel"]
[Result "0-1"]
[WhiteElo "2653"]
[BlackElo "2634"]
[PlyCount "132"]
[EventDate "2004.01.15"]
[Source "ChessBase"]
[SourceDate "2004.03.30"]

1. e4 g6 2. d4 Bg7 3. Nf3 d6 4. Bc4 Nf6 5. Qe2 O-O 6. e5 dxe5 7. dxe5 Nd5 8. h3 Nb6 9. Bb3 Nc6 10. O-O Na5 11. Rd1 Qe8 12. Nc3 Nxb3 13. axb3 Bd7 14. Bf4 c5 15. Be3 Qc8 16. Ra5 Bc6 17. Bxc5 Nd7 18. Bxe7 Re8 19. Bd6 b6 20. Raa1 Bxf3 21. Qxf3 Nxe5 22. Qf4 Qc6 23. Ba3 Rad8 24. Rxd8 Rxd8 25. Re1 Qe6 26. Kf1 h6 27. Qe4 Qc8 28. Nd5 Nc6 29. Qc4 Kh7 30. Ne7 Nxe7 31. Rxe7 a5 32. Rc7 Rd1+ 33. Ke2 Qd8 34. Qxf7 Rd2+ 35. Ke1 Rd1+ 36. Ke2 Rd2+ 37. Kf3 Qd4 38. Kg3 h5 39. Be7 Qe5+ 40. Qf4 Rd4 41. Bd6 Qxd6 42. Qxd6 Rxd6 43. f4 Kh6 44. Kf3 h4 45. c3 Rd2 46. Rc6 Rxb2 47. Rxb6 Bxc3 48. f5 Bb4 49. Rxg6+ Kh5 50. Rg8 Rxb3+ 51. Kf4 Bd6+ 52. Ke4 Rb5 53. Rd8 Be7 54. Rh8+ Kg5 55. Rg8+ Kf6 56. Rg6+ Kf7 57. Ra6 Bc5 58. Kf4 Rb4+ 59. Kf3 a4 60. g4 hxg3 61. Kxg3 Rb3+ 62. Kg4 a3 63. Ra5 Rc3 64. h4 Rc2 65. Kf4 a2 66. Ke4 Rd2 0-1

[Event "Tch (Men) 2005/2006 FRA"]
[Site "?"]
[Date "2006.02.03"]
[Round "1"]
[White "Maze Sebastien"]
[Black "Svidler Peter"]
[Result "1/2-1/2"]
[WhiteElo "2518"]
[BlackElo "2765"]
[PlyCount "40"]
[EventDate "2006.??.??"]
[Source "www.chesslib.no"]
[SourceDate "2004.05.04"]

1. e4 g6 2. d4 Bg7 3. Nc3 d6 4. Be3 a6 5. Qd2 Nd7 6. h4 Ngf6 7. f3 b5 8. O-O-O Bb7 9. Bh6 Bxh6 10. Qxh6 e5 11. d5 Qe7 12. g4 Nb6 13. a3 Nfd7 14. Nge2 Nc5 15. Kb1 O-O-O 16. Nc1 Kb8 17. Nb3 Nxb3 18. cxb3 f5 19. Qe3 fxe4 20. fxe4 Rhf8 1/2-1/2

[Event "AUT-chT 9899"]
[Site "?"]
[Date "1998.??.??"]
[Round "?"]
[White "Almasi Zoltan"]
[Black "Chernin Alexander"]
[Result "1/2-1/2"]
[WhiteElo "2630"]
[BlackElo "2645"]
[PlyCount "45"]
[EventDate "1998.??.??"]
[Source "www.chesslib.no"]
[SourceDate "2004.05.04"]

1. e4 g6 2. d4 Bg7 3. Nc3 d6 4. Be3 c6 5. Qd2 b5 6. Bd3 Nd7 7. f4 Ngf6 8. Nf3 e5 9. fxe5 dxe5 10. dxe5 Ng4 11. Bg5 Qb6 12. e6 fxe6 13. h3 Nge5 14. Nxe5 Nxe5 15. O-O-O O-O 16. Rhf1 a6 17. Rxf8+ Bxf8 18. Rf1 Bb7 19. Bf4 Bg7 20. Bh6 Bxh6 21. Qxh6 c5 22. Qg5 Qc7 23. Qf6 1/2-1/2

[Event "Bled (ol) 86/58"]
[Site "?"]
[Date "2002.??.??"]
[Round "?"]
[White "Movsesian, S."]
[Black "Istratescu, A."]
[Result "1/2-1/2"]
[WhiteElo "2651"]
[BlackElo "2615"]
[PlyCount "59"]
[EventDate "2002.??.??"]
[Source "Chess Informant"]
[SourceDate "2002.10.01"]

1. e4 g6 2. d4 Bg7 3. Nc3 d6 4. Be3 a6 5. f4 b5 6. Be2 Bb7 7. Bf3 Nd7 8. e5 Qc8 9. Ne4 Nh6 10. Ne2 Nb6 11. O-O O-O 12. N2g3 Nd5 13. Bc1 f6 14. c3 fxe5 15. fxe5 Qd7 16. Qe2 Nf5 17. Nxf5 gxf5 18. Ng3 dxe5 19. dxe5 Qe6 20. Re1 f4 21. Ne4 Qb6+ 22. Kh1 Rf5 23. c4 bxc4 24. Qxc4 Qb5 25. Qxb5 axb5 26. Nc5 Bc6 27. Nd3 Ra4 28. Bd2 Rd4 29. Be4 Rf8 30. Rac1 1/2-1/2

[Event "Mind Sports Games - Rapid Pair"]
[Site "Pechino CINA"]
[Date "2008.10.09"]
[Round "3"]
[White "Socko, B."]
[Black "Nyback, T."]
[Result "1-0"]
[WhiteElo "2631"]
[BlackElo "2634"]
[PlyCount "131"]
[EventDate "2008.10.09"]
[Source "www.chesslib.no"]
[SourceDate "2004.05.04"]

1. e4 g6 2. d4 Bg7 3. Nc3 d6 4. Be3 a6 5. f4 b5 6. Bd3 Nd7 7. Nf3 c5 8. a4 b4 9. Nb1 Bb7 10. Nbd2 cxd4 11. Bxd4 Bxd4 12. Nxd4 Qb6 13. N2f3 e5 14. fxe5 dxe5 15. Nb3 Ngf6 16. Qe2 O-O 17. Nfd2 Rac8 18. Nc4 Qe6 19. Nca5 Ba8 20. Bxa6 Bxe4 21. Bxc8 Rxc8 22. Rc1 Bd5 23. O-O Nh5 24. Rf2 Nf4 25. Qd2 Nf6 26. Rxf4 exf4 27. Qxf4 Ne4 28. Qe3 Qe5 29. Nd4 f5 30. Rf1 Rf8 31. Ndc6 Qc7 32. Qa7 Qxa7+ 33. Nxa7 Re8 34. N7c6 Nd2 35. Rd1 Re2 36. Ne7+ Rxe7 37. Rxd2 Re5 38. b3 Kf7 39. Kf2 Ke6 40. g3 g5 41. Rd4 Be4 42. Nc4 Rc5 43. Rd6+ Ke7 44. Rd2 Kf6 45. Rd6+ Kg7 46. Rd2 f4 47. a5 Bd5 48. Rd4 fxg3+ 49. hxg3 Bxc4 50. Rxc4 Rxa5 51. Rxb4 Rc5 52. c4 Kf6 53. Rb6+ Ke5 54. Ke3 Rc7 55. Rb5+ Kf6 56. g4 Re7+ 57. Kf3 Re1 58. Rf5+ Kg6 59. b4 Rf1+ 60. Ke4 Rg1 61. Kf3 Rf1+ 62. Ke3 Rg1 63. b5 Rxg4 64. Rc5 h5 65. b6 Rg3+ 66. Ke4 1-0

[Event "RUS-ch51"]
[Site "St Petersburg"]
[Date "1998.07.29"]
[Round "2"]
[White "Ulibin, Mikhail"]
[Black "Svidler, Peter"]
[Result "0-1"]
[WhiteElo "2555"]
[BlackElo "2710"]
[PlyCount "72"]
[EventDate "1998.07.28"]
[Source "ChessBase"]
[SourceDate "1998.11.30"]

1. e4 g6 2. d4 Bg7 3. Nc3 d6 4. Bg5 a6 5. a4 Nc6 6. Nge2 Nf6 7. f3 e5 8. d5 Ne7 9. Qd2 h6 10. Be3 c6 11. dxc6 bxc6 12. a5 d5 13. Bc5 Be6 14. O-O-O O-O 15. Kb1 Re8 16. Na4 Nd7 17. Nc1 Nc8 18. Nb3 Qc7 19. Bd3 d4 20. Bb4 Nd6 21. Nbc5 Nxc5 22. Bxc5 Nb7 23. Bb6 Qe7 24. c4 c5 25. b3 Rab8 26. Qa2 Bd7 27. Nb2 Bf6 28. Be2 Qd6 29. Nd3 Bd8 30. Bxd8 Nxd8 31. Qa3 Nc6 32. Qxc5 Qc7 33. Kc2 Rec8 34. Qa3 Nxa5 35. Nc1 Be6 36. Kd2 Qb6 0-1

[Event "Open 2007"]
[Site "Miami USA"]
[Date "2007.09.29"]
[Round "6"]
[White "Friedel, Joshua"]
[Black "Izoria, Zviad"]
[Result "1/2-1/2"]
[WhiteElo "2540"]
[BlackElo "2719"]
[PlyCount "131"]
[EventDate "2007.09.26"]
[Source "www.chesslib.no"]
[SourceDate "2004.05.04"]

1. e4 g6 2. d4 Bg7 3. Nc3 c6 4. Nf3 d6 5. h3 Nf6 6. Be3 O-O 7. Qd2 Nbd7 8. a4 e5 9. dxe5 dxe5 10. Qd6 Qa5 11. Qa3 Re8 12. Bc4 Nf8 13. O-O Be6 14. Nd2 Qc7 15. a5 Rad8 16. Rfd1 b5 17. axb6 axb6 18. Qa6 N6d7 19. Qa7 Qxa7 20. Rxa7 b5 21. Bb3 Ra8 22. Bxe6 Rxa7 23. Bxf7+ Kxf7 24. Bxa7 Bh6 25. Nb3 b4 26. Ne2 Ra8 27. Bc5 Ra2 28. Rb1 Ra4 29. Bxf8 Bxf8 30. Nec1 c5 31. Nd2 Nb6 32. b3 Ra3 33. Nd3 Ke6 34. Kf1 Ra2 35. Rb2 Ra1+ 36. Ke2 Bd6 37. Rb1 Ra2 38. Kd1 Be7 39. Nc1 Ra3 40. Rb2 Bg5 41. Ra2 c4 42. Rxa3 bxa3 43. Na2 Bxd2 44. Kxd2 cxb3 45. cxb3 Nd7 46. b4 Nf6 47. f3 Nh5 48. Kc3 Nf4 49. b5 Nxg2 50. Kb4 Kd6 51. Ka5 Nf4 52. b6 Ne6 53. Kb5 Kd7 54. Nb4 Nd4+ 55. Ka6 Nc6 56. Na2 Kd6 57. Nc3 Kd7 58. b7 Nb4+ 59. Kb6 Nc6 60. Na2 Nb8 61. Nb4 Kd6 62. Ka7 Nd7 63. b8=Q+ Nxb8 64. Kxb8 Kc5 65. Na2 Kc4 66. Kc7 1/2-1/2

[Event "Bastia FRA, Corsica Masters 2005"]
[Site "?"]
[Date "2002.11.01"]
[Round "1"]
[White "Almasi Zoltan"]
[Black "Milov Vadim"]
[Result "1-0"]
[WhiteElo "2503"]
[BlackElo "2755"]
[PlyCount "67"]
[EventDate "2002.??.??"]
[Source "www.chesslib.no"]
[SourceDate "2004.05.04"]

1. e4 g6 2. d4 Bg7 3. Nc3 d6 4. Be3 c6 5. f4 Nd7 6. Nf3 Nb6 7. Bd3 Nf6 8. h3 O-O 9. Qe2 Qc7 10. O-O-O c5 11. dxc5 dxc5 12. e5 Nfd5 13. Nxd5 Nxd5 14. Be4 Nb4 15. a3 Nc6 16. h4 h5 17. Ng5 Bg4 18. Bf3 Bxf3 19. Qxf3 Qc8 20. e6 f5 21. Rd7 b6 22. Rhd1 Bf6 23. Nf7 Nd4 24. Bxd4 cxd4 25. Ne5 Kh7 26. R1xd4 Qc5 27. Rc4 Qa5 28. Qg3 Rg8 29. Rcc7 Rg7 30. Nd3 Qa4 31. Qf3 Re8 32. g3 a5 33. Qd5 b5 34. Nc5 1-0

[Event "Elista (m/2) 72/105"]
[Site "?"]
[Date "1998.??.??"]
[Round "?"]
[White "Rublevsky, Sergei"]
[Black "Ibragimov, Ildar"]
[Result "1-0"]
[WhiteElo "2665"]
[BlackElo "2590"]
[PlyCount "73"]
[EventDate "1998.??.??"]
[Source "ChessBase"]
[SourceDate "1998.02.01"]

1. e4 g6 2. d4 Bg7 3. Nc3 d6 4. Nf3 a6 5. Be2 Nd7 6. O-O b5 7. a4 b4 8. Nd5 a5 9. c3 e6 10. Ne3 Bb7 11. Qc2 Ngf6 12. e5 Ne4 13. Bd3 f5 14. exf6 Ndxf6 15. cxb4 axb4 16. Nd2 Nxd2 17. Bxd2 O-O 18. Bxb4 Nh5 19. Be4 Bxe4 20. Qxe4 Nf4 21. Nc2 c5 22. dxc5 d5 23. Qe3 e5 24. g3 Ne6 25. Rad1 d4 26. Qb3 Qe8 27. Rfe1 Kh8 28. Nxd4 Ng5 29. f4 Qxa4 30. fxg5 exd4 31. Qxa4 Rxa4 32. Ba3 h6 33. Re6 Kh7 34. c6 Rc8 35. gxh6 Bxh6 36. Re7+ Kg8 37. c7 1-0

[Event "Hoogovens 5'"]
[Site "Wijk aan Zee"]
[Date "1999.01.18"]
[Round "1"]
[White "Reinderman, Dimitri"]
[Black "Svidler, Peter"]
[Result "1/2-1/2"]
[WhiteElo "2542"]
[BlackElo "2713"]
[PlyCount "69"]
[EventDate "1999.01.18"]
[Source "ChessBase"]
[SourceDate "1999.03.01"]

1. e4 g6 2. d4 Bg7 3. Nc3 d6 4. Nf3 a6 5. a4 Nf6 6. Be3 b6 7. Qd2 Bb7 8. Bd3 Nbd7 9. Bh6 Bxh6 10. Qxh6 e6 11. O-O Qe7 12. Rfe1 Ng8 13. Qe3 Ngf6 14. e5 dxe5 15. dxe5 Nd5 16. Nxd5 Bxd5 17. Be4 Bxe4 18. Qxe4 O-O 19. Qf4 Rad8 20. Qh6 f6 21. exf6 Qxf6 22. b3 Nc5 23. b4 Ne4 24. Qe3 Nc3 25. Qxe6+ Qxe6 26. Rxe6 Nd5 27. b5 axb5 28. axb5 Nc3 29. Re7 Nxb5 30. Ng5 Rde8 31. Rae1 Rxe7 32. Rxe7 h6 33. Ne6 Rf7 34. Re8+ Kh7 35. f4 1/2-1/2

[Event "Tan Chin Nam Cup 6th"]
[Site "Beijing"]
[Date "2000.07.15"]
[Round "7"]
[White "Ye Jiangchuan"]
[Black "Adianto, Utut"]
[Result "1-0"]
[WhiteElo "2670"]
[BlackElo "2583"]
[PlyCount "113"]
[EventDate "2000.07.03"]
[Source "ChessBase"]
[SourceDate "2000.10.18"]

1. e4 g6 2. d4 Bg7 3. Nf3 c5 4. c3 cxd4 5. cxd4 d6 6. h3 Nf6 7. Nc3 O-O 8. Be2 Nc6 9. O-O a6 10. Be3 b5 11. Rc1 Bb7 12. d5 Na5 13. b4 Nc4 14. Bxc4 bxc4 15. Nd2 Rc8 16. Qe2 e6 17. Nxc4 exd5 18. exd5 Nxd5 19. Nxd5 Bxd5 20. Rfd1 Be6 21. Nxd6 Rxc1 22. Bxc1 Qh4 23. Bb2 Bxb2 24. Qxb2 Rd8 25. a3 Qf4 26. Rd4 Qf6 27. Qd2 Rd7 28. a4 h5 29. b5 axb5 30. axb5 Qd8 31. Qb4 Qb6 32. Rd1 Rc7 33. Ne4 Rc2 34. Qe7 Rc8 35. Qg5 Qb8 36. Nf6+ Kf8 37. Rd7 Kg7 38. Nxh5+ Kh7 39. Nf6+ Kg7 40. Rd1 Bb3 41. Ng4 Kg8 42. Re1 Bc4 43. Nh6+ Kh7 44. Ng4 Kg8 45. Qf6 Re8 46. Rxe8+ Qxe8 47. b6 Qb5 48. Qd8+ Kh7 49. Nf6+ Kg7 50. Qd4 Be6 51. Nd5+ Kg8 52. Nc7 Qb1+ 53. Kh2 Bf5 54. Ne8 Kf8 55. Nd6 Bd7 56. b7 Bc6 57. b8=R+ 1-0

[Event "49. TCh-ESP Honor 2"]
[Site "?"]
[Date "2005.08.31"]
[Round "1"]
[White "Movsesian Sergei"]
[Black "Chernin Alexander"]
[Result "1-0"]
[WhiteElo "2645"]
[BlackElo "2598"]
[PlyCount "72"]
[EventDate "2005.??.??"]
[Source "www.chesslib.no"]
[SourceDate "2004.05.04"]

1. e4 g6 2. d4 Bg7 3. Nc3 d6 4. Be3 c6 5. Qd2 b5 6. f3 Qc7 7. h4 h5 8. a4 b4 9. Nd1 a5 10. c3 bxc3 11. bxc3 Nf6 12. Nf2 Nbd7 13. Bd3 e5 14. f4 Ng4 15. Nxg4 hxg4 16. Ne2 Ba6 17. Bxa6 Rxa6 18. Ng3 Ra8 19. dxe5 dxe5 20. f5 Nf6 21. Qf2 c5 22. O-O O-O 23. Bg5 c4 24. Kh2 Rad8 25. Qe2 Rd6 26. Bxf6 Rxf6 27. Qxg4 Rd8 28. h5 g5 29. Rf3 Rd3 30. Nh1 Rxf3 31. Qxf3 Rd6 32. Nf2 Qb6 33. Rf1 Qb3 34. Ng4 Rd3 35. Qf2 Qxc3 36. h6 Rg3 1-0

[Event "Russia"]
[Site "?"]
[Date "2004.??.??"]
[Round "?"]
[White "Motylev, A."]
[Black "Inarkiev, E."]
[Result "1-0"]
[WhiteElo "2645"]
[BlackElo "2595"]
[PlyCount "93"]
[EventDate "2004.??.??"]
[Source "Chess Informant"]
[SourceDate "2004.10.01"]

1. e4 g6 2. d4 Bg7 3. Nc3 d6 4. Bg5 c5 5. dxc5 Qa5 6. Qd2 Bxc3 7. Qxc3 Qxc3+ 8. bxc3 dxc5 9. a4 Bd7 10. Nf3 Bc6 11. Nd2 Nd7 12. Bb5 Rc8 13. Ke2 f5 14. Rhb1 b6 15. Bxc6 Rxc6 16. a5 h6 17. axb6 axb6 18. Ra8+ Kf7 19. Be3 Kg7 20. Rd1 Re6 21. exf5 gxf5 22. Kf1 h5 23. Nf3 Ngf6 24. Rxh8 Kxh8 25. Nh4 Ne5 26. Nxf5 Ne4 27. Re1 Nc4 28. f3 Ned6 29. Nxd6 Rxd6 30. Bf4 Rd7 31. Bg5 e5 32. Ra1 e4 33. Ra4 b5 34. Ra8+ Kg7 35. fxe4 Nd2+ 36. Bxd2 Rxd2 37. Rc8 c4 38. Rc5 Kg6 39. h4 Rxc2 40. Rg5+ Kf6 41. Rxh5 Rc1+ 42. Ke2 Rc2+ 43. Kd1 Rxc3 44. Rf5+ Ke6 45. Rf3 Rxf3 46. gxf3 Ke5 47. h5 1-0

[Event "NED-ch op 5'"]
[Site "?"]
[Date "2003.02.15"]
[Round "?"]
[White "Timman Jan Hein"]
[Black "Piket Jeroen"]
[Result "1-0"]
[WhiteElo "2590"]
[BlackElo "2645"]
[PlyCount "98"]
[EventDate "2003.??.??"]
[Source "www.chesslib.no"]
[SourceDate "2004.05.04"]

1. e4 g6 2. d4 Bg7 3. c3 d6 4. f4 c6 5. Nf3 Nd7 6. Bd3 e5 7. O-O Qe7 8. fxe5 dxe5 9. Bg5 f6 10. Bh4 Nh6 11. Nbd2 O-O 12. Nc4 Nf7 13. a4 b6 14. Qc2 Bb7 15. Rad1 Rae8 16. Kh1 Kh8 17. Rfe1 Bh6 18. Qf2 Qe6 19. Ne3 Nd6 20. Qf1 c5 21. d5 Qe7 22. Nc4 Bf4 23. a5 h5 24. Bf2 Kh7 25. Ra1 Nxc4 26. Bxc4 f5 27. axb6 Nxb6 28. Rxa7 Ra8 29. Rxa8 Bxa8 30. exf5 Rxf5 31. Bd3 Rf7 32. c4 Nd7 33. Qe2 Bb7 34. Bg3 Ba6 35. b3 Bc8 36. Bxf4 Rxf4 37. Nxe5 Nxe5 38. Qxe5 Qxe5 39. Rxe5 Rd4 40. Be2 Rd2 41. Kg1 Bf5 42. d6 Rxd6 43. Rxc5 Rd2 44. Kf1 Rb2 45. Rb5 Be4 46. c5 h4 47. b4 Kh6 48. Rb6 Bxg2+ 49. Kxg2 Rxe2+ 1-0

[Event "Monarch Assurance"]
[Site "Isle of Man"]
[Date "2007.09.30"]
[Round "9.5"]
[White "Kobalia, Mikhail"]
[Black "Malakhatko, Vadim"]
[Result "1-0"]
[WhiteElo "2634"]
[BlackElo "2596"]
[PlyCount "127"]
[EventDate "2007.09.22"]
[Source "www.chesslib.no"]
[SourceDate "2004.05.04"]

1. e4 g6 2. d4 Bg7 3. Nf3 d6 4. Bc4 e6 5. Bb3 Ne7 6. O-O b6 7. Re1 O-O 8. Nbd2 c5 9. c3 Bb7 10. Nf1 Qc7 11. Ng3 e5 12. Be3 Nd7 13. Qd2 c4 14. Bc2 Rfe8 15. Rad1 Rad8 16. Bh6 Bh8 17. Qg5 b5 18. Re2 Bf6 19. Qc1 Bh8 20. h3 d5 21. exd5 Nxd5 22. Rde1 Re6 23. dxe5 Bxe5 24. Nxe5 Nxe5 25. Nf5 Nd3 26. Bxd3 cxd3 27. Rxe6 fxe6 28. Nd4 Qf7 29. Nxe6 Re8 30. Ng5 Rxe1+ 31. Qxe1 Qe7 32. Qe6+ Qxe6 33. Nxe6 Nb6 34. Nc5 Bd5 35. b3 a5 36. Nxd3 a4 37. Nc1 axb3 38. axb3 Nd7 39. Be3 Ne5 40. f3 Nc6 41. Bb6 Kf7 42. Kf2 g5 43. Ke3 h5 44. Bc7 Ke7 45. b4 Kd7 46. Bh2 Ne7 47. g4 hxg4 48. hxg4 Ng6 49. Ne2 Bc4 50. Ng3 Nf8 51. Ne4 Ne6 52. Be5 Ba2 53. Bf6 Bb1 54. Nxg5 Nxg5 55. Bxg5 Bc2 56. Bf6 Ke6 57. Bd4 Kd5 58. f4 Bd1 59. c4+ Kxc4 60. Ke4 Bxg4 61. Bc5 Bd1 62. f5 Bb3 63. f6 Kc3 64. Ke5 1-0

[Event "It (Open) INT"]
[Site "?"]
[Date "2006.05.06"]
[Round "?"]
[White "Shaposhnikov Evgeny"]
[Black "Moskvin Vladimir"]
[Result "1/2-1/2"]
[WhiteElo "2538"]
[BlackElo "2691"]
[PlyCount "83"]
[EventDate "2006.??.??"]
[Source "www.chesslib.no"]
[SourceDate "2004.05.04"]

1. e4 g6 2. d4 Bg7 3. Nf3 a6 4. Nc3 b5 5. a4 b4 6. Nd5 a5 7. Bd3 e6 8. Nf4 Bb7 9. O-O Ne7 10. Qe2 O-O 11. h4 h6 12. c3 d6 13. Bd2 e5 14. dxe5 dxe5 15. Nh3 Nbc6 16. Bb5 Bc8 17. Rad1 Bxh3 18. gxh3 Qc8 19. Kh2 Qe6 20. Be3 Kh8 21. Bc4 Qc8 22. Rg1 f5 23. h5 fxe4 24. Nh4 g5 25. Ng6+ Nxg6 26. hxg6 Ne7 27. Rxg5 Nf5 28. Rh5 Nxe3 29. Qxe3 Rf4 30. Rg1 Qf8 31. Bf7 Rd8 32. Rg4 Rd3 33. Qe2 Rdf3 34. Rxf4 exf4 35. Qxe4 Rxf2+ 36. Kg1 Rxb2 37. Rxh6+ Bxh6 38. Qe5+ Qg7 39. Qe8+ Qf8 40. Qe5+ Qg7 41. Qe8+ Qf8 42. Qe5+ 1/2-1/2

[Event "Interzonal"]
[Site "Manila izt"]
[Date "1990.??.??"]
[Round "?"]
[White "Huebner, Robert"]
[Black "Ehlvest, Jaan"]
[Result "1/2-1/2"]
[WhiteElo "2595"]
[BlackElo "2620"]
[PlyCount "89"]
[EventDate "1990.??.??"]
[Source "www.chesslib.no"]
[SourceDate "2004.05.04"]

1. e4 g6 2. d4 Bg7 3. Nc3 d6 4. Be3 a6 5. Qd2 b5 6. f3 Nd7 7. Nh3 Bb7 8. Be2 c5 9. O-O cxd4 10. Bxd4 Ngf6 11. a4 b4 12. Na2 a5 13. c3 bxc3 14. Nxc3 O-O 15. Rfb1 Nb8 16. Nd5 Bxd5 17. exd5 Na6 18. Re1 Nc5 19. Ra3 Qb6 20. Bb5 Qd8 21. Nf2 e6 22. dxe6 Nxe6 23. Bc3 d5 24. Be5 Qb6 25. Rd3 Rfd8 26. Rc1 Ne4 27. fxe4 Bxe5 28. Rc6 Qb8 29. exd5 Nf4 30. Rf3 Rxd5 31. Qe3 Ne6 32. Rh3 Rd1+ 33. Nxd1 Bd4 34. Rxe6 Bxe3+ 35. Rexe3 Qd6 36. Re1 Rc8 37. Rhe3 Rc1 38. Be2 Qd4 39. b3 f5 40. g3 Qd2 41. Nc3 Kg7 42. Kf1 Qd6 43. Kg2 Kh8 44. Rd1 Qc7 45. h3 1/2-1/2

[Event "Clichy"]
[Site "?"]
[Date "1995.??.??"]
[Round "?"]
[White "Stefansson, H."]
[Black "Shirov, A."]
[Result "0-1"]
[WhiteElo "2520"]
[BlackElo "2695"]
[PlyCount "70"]
[EventDate "1995.??.??"]
[Source "ChessBase"]
[SourceDate "1995.06.01"]

1. e4 g6 2. d4 Bg7 3. Nc3 c6 4. Bc4 d6 5. Qf3 e6 6. Bf4 b5 7. Bb3 a5 8. a4 b4 9. Nce2 d5 10. h4 dxe4 11. Qxe4 Nf6 12. Qf3 Bb7 13. O-O-O Nbd7 14. Qh3 c5 15. Nf3 Ba6 16. Bxe6 O-O 17. Bxd7 Bxe2 18. Bc6 Bxd1 19. Rxd1 c4 20. Ne5 Rc8 21. d5 Nh5 22. Bh2 b3 23. g4 Qf6 24. Qf3 Qxh4 25. Rh1 Bxe5 26. Bxe5 Qg5+ 27. Qe3 Qxg4 28. Bc3 Qf5 29. Kb1 bxc2+ 30. Ka2 Nf4 31. Rh4 Ne2 32. Rh1 Nxc3+ 33. Qxc3 Qd3 34. Qxd3 cxd3 35. Kb3 Rfd8 0-1

[Event "Chelmsford, MA"]
[Site "?"]
[Date "2001.11.17"]
[Round "3"]
[White "Sevillano Enrico M"]
[Black "Ivanov Alexander"]
[Result "1/2-1/2"]
[WhiteElo "2557"]
[BlackElo "2648"]
[PlyCount "84"]
[EventDate "2001.??.??"]
[Source "www.chesslib.no"]
[SourceDate "2004.05.04"]

1. e4 g6 2. d4 Bg7 3. Nc3 c6 4. Nf3 d6 5. Be2 Nd7 6. O-O Qc7 7. a4 Ngf6 8. Re1 O-O 9. h3 e5 10. Be3 Re8 11. Bc4 exd4 12. Bxd4 Ne5 13. Be2 b6 14. Qd2 Bb7 15. Rad1 Rad8 16. Be3 d5 17. exd5 Nxd5 18. Bg5 f6 19. Nxe5 fxg5 20. Nxd5 Rxd5 21. Nd3 Bf6 22. Bf3 Rdd8 23. Qb4 Kg7 24. Qb3 a5 25. Rxe8 Rxe8 26. Qc4 Rd8 27. Re1 Rd4 28. Qb3 Ba6 29. Qe6 Rd6 30. Qb3 c5 31. c4 Qd8 32. Ne5 Qe8 33. Bd5 Bxe5 34. Qe3 Rd8 35. Qxe5+ Qxe5 36. Rxe5 Bc8 37. Re7+ Kh6 38. g4 Rd6 39. Kg2 Bd7 40. b3 Bc6 41. Bxc6 Rxc6 42. Rb7 Rd6 1/2-1/2

[Event "Wijk aan Zee NED, Corus A 2006"]
[Site "?"]
[Date "2006.01.21"]
[Round "7"]
[White "Navara David"]
[Black "Koneru Humpy"]
[Result "1-0"]
[WhiteElo "2660"]
[BlackElo "2537"]
[PlyCount "81"]
[EventDate "2006.??.??"]
[Source "www.chesslib.no"]
[SourceDate "2004.05.04"]

1. e4 g6 2. d4 Bg7 3. Nc3 c6 4. h3 d6 5. Be3 Nd7 6. Qd2 b5 7. Bd3 Qc7 8. f4 Nb6 9. Nf3 Nc4 10. Bxc4 bxc4 11. O-O Nf6 12. Nh4 h6 13. f5 g5 14. Nf3 Nh5 15. g4 Nf4 16. Bxf4 gxf4 17. Ne2 h5 18. Nxf4 hxg4 19. hxg4 Bd7 20. Nh5 Bh6 21. g5 Bf8 22. Ng3 O-O-O 23. Kg2 f6 24. g6 Bh6 25. Qc3 e6 26. Rh1 exf5 27. Nxf5 Bxf5 28. exf5 Qd7 29. Qxc4 Qxf5 30. Qxc6+ Kb8 31. Rae1 Rc8 32. g7 Bxg7 33. Qxd6+ Ka8 34. Rxh8 Bxh8 35. c3 Bg7 36. Qe6 Qg6+ 37. Kf2 Kb8 38. Qb3+ Kc7 39. Re7+ Kd8 40. Qb7 Qc2+ 41. Re2 1-0